Inflačné cielenie potrebuje zodpovednú fiškálnu politiku
Porovnanie uplatňovania inflačného cielenia v krajinách V4. Zhodnotenie výsledkov tohto relatívne nového režimu menovej politiky v našom regióne, poukázanie na plusy, ale aj nedostatky v jednotlivých krajinách. V niektorých krajinách hodnotenie nemusí byť objektívne pre krátkosť uplatňovania inflačn...
Salvato in:
| Autore principale: | |
|---|---|
| Natura: | Capitolo di libro |
| Lingua: | slovacco |
| Soggetti: | |
| Tags: |
Nessun Tag, puoi essere il primo ad aggiungerne!!
|
MARC
| LEADER | 00000naa$a2200000$$$4500 | ||
|---|---|---|---|
| 001 | 0092677 | ||
| 005 | 20221207083354.6 | ||
| 041 | 0 | |a slo | |
| 044 | |a SK | ||
| 245 | 1 | 0 | |a Inflačné cielenie potrebuje zodpovednú fiškálnu politiku |c Ľuboš Jančík |
| 520 | |a Porovnanie uplatňovania inflačného cielenia v krajinách V4. Zhodnotenie výsledkov tohto relatívne nového režimu menovej politiky v našom regióne, poukázanie na plusy, ale aj nedostatky v jednotlivých krajinách. V niektorých krajinách hodnotenie nemusí byť objektívne pre krátkosť uplatňovania inflačného cielenia. | ||
| 610 | 2 | 0 | |a politika fiškálna |
| 610 | 2 | 0 | |a inflácia |
| 610 | 2 | 0 | |a cielenie inflácie |
| 610 | 2 | 0 | |a kurz menový |
| 610 | 2 | 0 | |a Vyšehradská štvorka |
| 100 | 1 | |a Jančík, Ľuboš | |